000
00307nam a22001337a 4500
008
170220b xxu||||| |||| 00| 0 eng d
020
_a
9781585282074
041
_a
eng
080
_2
4ED
_a
615
100
_a
5
101
_a
SHF
245
_a
MANUAL FOR PHARMACY TECHNICIANS
_c
BACHENHEIMER.S
942
_2
udc
_c
BK
999
_c
5781
_d
5781